| 000 | 00402nam a2200145Ia 4500 | ||
|---|---|---|---|
| 008 | 151213s9999 xx 000 0 und d | ||
| 100 | _aSadiq Ahmed | ||
| 245 |
_aExplaining South Asian's Development Success _cSadiq Ahmed |
||
| 260 |
_aWaylington _bThe World Bank _c2006 |
||
| 300 | _a3613 p. | ||
| 650 | _aEnglish Literature | ||
| 650 | _aEnglish Literature | ||
| 700 | _aSadiq Ahmed | ||
| 999 |
_c2408 _d2408 |
||